Herby polskich miast - Statystyki

Ogólne statystyki
  • Ten quiz został rozwiązany 57 razy
  • Średni wynik to 26 z 48
Statystyki odpowiedzi
Obrazkowy Odpowiedź % Poprawnych
Łódź
92%
Warszawa
92%
Gdańsk
89%
Wrocław
89%
Katowice
85%
Radom
85%
Poznań
77%
Kielce
75%
Szczecin
75%
Gdynia
74%
Rzeszów
72%
Kraków
70%
Gliwice
66%
Białystok
64%
Toruń
64%
Zielona Góra
64%
Bydgoszcz
60%
Jelenia Góra
60%
Opole
60%
Sopot
60%
Gorzów Wielkopolski
58%
Elbląg
53%
Olsztyn
51%
Konin
47%
Słupsk
47%
Tarnów
47%
Sosnowiec
45%
Bytom
43%
Chełm
43%
Koszalin
43%
Zabrze
43%
Kalisz
42%
Wałbrzych
42%
Gniezno
40%
Chorzów
38%
Częstochowa
38%
Grudziądz
36%
Płock
36%
Nowy Sącz
34%
Piła
34%
Tychy
34%
Legnica
32%
Suwałki
32%
Leszno
30%
Siedlce
30%
Zamość
28%
Włocławek
21%
Inowrocław
17%
Nie znaleziono quizów pasujących do podanych kryteriów
Rozkład punktacji
Procent ludzi z każdym wynikiem
Percentyl według liczby udzielonych odpowiedzi
Twoja historia wyników
Nie rozwiązałeś tego quizu